Homosexualidad y familia : lo que los padres, madres, homosexuales y profesionales deben saber y hacer /

Texto introductorio a la homosexualidad, que inicia con una historia de la mism, para detallar luego lo que debe saberse sobre el asunto y lo que los padres deben y no deben hacer en caso de tener un hijo homosexual. Los dos úlitmos capítulos orientan en caso de que éste quiera formar pareja y tener...

Ausführliche Beschreibung

Gespeichert in:
Bibliographische Detailangaben
1. Verfasser: López Sánchez, Félix (autor)
Format: Buch
Sprache:Spanisch
Veröffentlicht: Barcelona, España: Graó, 2006, c2006
Schriftenreihe:(Familia y Educación ; 8)
Schlagworte:
Tags: Tag hinzufügen
Keine Tags, Fügen Sie das erste Tag hinzu!

MARC

LEADER 00000nam^a2200000^a^4500
001 000297452
005 20250521000000.0
008 100301 20062006
009 20260310112339.784
020 |a 978-84-7827-445-1 
037 |a Acervo ITESO - Biblioteca 
041 |a ESP 
082 |a 305. 3142  |b LOP 
100 |a López Sánchez, Félix  |e (autor) 
245 1 0 |a Homosexualidad y familia :  |b lo que los padres, madres, homosexuales y profesionales deben saber y hacer /  |c F. López Sánchez 
264 4 |a Barcelona, España:  |b Graó,  |c 2006, c2006 
300 |a 166 p. 
336 |a texto  |b txt  |2 rdacontenido 
337 |a sin mediación  |b n  |2 rdamedio 
338 |a volumen  |b nc  |2 rdasoporte 
440 1 |a (Familia y Educación ;  |v 8) 
520 |a Texto introductorio a la homosexualidad, que inicia con una historia de la mism, para detallar luego lo que debe saberse sobre el asunto y lo que los padres deben y no deben hacer en caso de tener un hijo homosexual. Los dos úlitmos capítulos orientan en caso de que éste quiera formar pareja y tener hijos. 
649 |a XX 
650 |a Homosexualidad -  |x Tema Principal 
650 |a Relaciones Familiares 
650 |a Prejuicio 
650 |a Discriminación de Género 
650 |a Psicología Social 
650 |a Sociología 
910 |a Fondo General 
920 |a Impresos - Libros 
930 |a Colección General 
905 |a 101 
901 |a 0500183055  |b IT1  |c ACC  |i C122482  |u 20250521 
902 |a https://opac.biblio.iteso.mx/vufind/Record/000297452